000 00770cam a2200241 a 4500
001 000019674
005 20200929170110.0
008 760826s1965 sp b 001 f spa d
040 _aDO-SdBNP
_bspa
_cLC
_dBNPHU
082 _a863.5
_bP434d, 1965
100 1 _aPereda, José María de,
_d1833-1906
_922416
245 1 0 _aDe tal palo, tal astilla /
_cJosé M. de Pereda.
250 _a3a ed.
260 _aMadrid :
_bEspasa-Calpe,
_c1965.
300 _a211, [16] p. ;
_c18 cm.
490 1 _aAustral. Azul: novelas y cuentos en general
_v487
650 4 _aNovela española
_91123
650 4 _aLiteratura española
_9632
830 0 _aAustral.
_pAzul: novelas y cuentos en general
_v487
_922386
910 _aCatalogación derivada / LC
910 _aWM
049 _aBNGR
999 _c19190
_d19190